1908 1538 1896 1219 1407 1454 1771 1727 1436 1328 1672 1826 1761 1464 1675 1049 1689 1319 1983 1551 1769 1970 1700 1371 1003 1383 1651 1782 1708 1859 1153 1965 1495 1426 1822 1867 1983 1131 1533 1817 1201 1212 1408 1264 1240 1498 1031 1234 1747 1003 1638 1159 1708 1302 1793 1778 1319 1846 1985 1844 1232 1617 1804 1791 1513 1118 1665 1772 1568 1613 1193 1354 1381 1240 1309 1590 1425 1806 1059 1779 1390 1723 1174 1427 1569 1104 1430 1274 1658 1177 1598 1510 1975 1251 1913 1606 1927 1358 1823 BCNSPRNW ULIB Ver.6.0+V

เปลี่ยนเป็นภาษาไทย

Change to English
 แสดงรายละเอียดบรรณานุกรม
  กลับหน้าหลัก

Brief Record : Get Marc (ISO 2709) : E-mail record : QR code < ปิดหน้าต่าง
LEADER : 00000nam 2200000uu 4500
001    13399121367
003     ULIB
008    121116s2551||||th 000 0 tha d
020    ^a9789740473664
050 04 ^aTK7885^bค127ค
100 0  ^aคณัฐช์อนงค์ อัศวสุนทรางกูร
245 10 ^aคู่มือการใช้งาน Microsoft PowerPoint 2007 /^cคณัฐช์อนงค์ อัศวสุนทรางกูร
260    ^aกรุงเทพฯ :^bสวัสดี ไอที,^c2551
300    ^a362 หน้า :^bภาพประกอบ ;^c22 ซม
505 2  ^aเริ่มต้นติดตั้งโปรแกรม PowerPoint 2007 -- ทำความรู้จักกับโปรแกรมPowerPoint 2007 -- เริ่มต้นจัดการกับงานนำเสนอ -- การแต่งเติมสีสันด้วยชุดรูปแบบ -- การใส่เนื้อหาให้กับภาพนิ่ง -- การแทรกวัตถุลงในภาพนิ่ง -- การแทรกไฟล์มัลติมีเดีย -- สร้างการเชื่อมโยงหลายมิติ (Hyperlink) -- การใส่เอฟเฟ็กต์ภาพเคลื่อนไหวก่อนนำเสนอ -- การนำเสนอภาพนิ่ง -- การสั่งพิมพ์เอกสารประกอบการนำเสนอ -- ความสามารถเพิ่มเติมของ PowerPoint
650  7 ^aไมโครซอฟต์เพาเวอร์พอยท์
650  7 ^aโปรแกรมคอมพิวเตอร์
945    ^p169^l0^i14962
995    ^aวิภา
999 ^a ทศพร
รายการนี้ยังไม่มีแท็ก
คุณยังไม่ได้ล็อกอิน คุณสามารถมีกิจกรรมร่วมกับเว็บไซต์ได้ แต่ต้องล็อกอินก่อน ::
  ล็อกอิน

รายการสื่อสารสนเทศ

ลำดับที่ ประเภท เลขเรียก/บาร์โค้ด สถานที่ สถานะ
1. วิทยาศาสตร์การแพทย์ และสุขภาพ
วิทยาศาสตร์การแพทย์ และสุขภาพ
TK7885 ค127ค  
  Barcode: 14962
ห้องสมุดวิทยาเขตสวรรค์ประชารักษ์
►หนังสือทั่วไป
บนชั้น

รายการใกล้เคียง
    ผู้แต่ง [คณัฐช์อนงค์ อัศวสุนทรางกูร]

    หัวเรื่อง [ไมโครซอฟต์เพาเวอร์พอยท์]
    หัวเรื่อง [โปรแกรมคอมพิวเตอร์]

BibComment


ยังไม่เคยถูกคอมเมนท์

คอมเมนท์ทรัพยากรรายการนี้
  คอมเมนท์: คู่มือการใช้งาน ..


 Copyright 2026. Bcnsprnw @Library